Carlos Amorales. Axiomas para la acción. (Record no. 1717)

MARC details
000 -LEADER
campo de control de longitud fija 00931nam a22001337a 4500
008 - DATOS DE LONGITUD FIJA--INFORMACIÓN GENERAL
campo de control de longitud fija 190209b xxu||||| |||| 00| 0 eng d
020 ## - NÚMERO INTERNACIONAL ESTÁNDAR DEL LIBRO
Número Internacional Estándar del Libro 9788417047436
082 ## - NÚMERO DE LA CLASIFICACIÓN DECIMAL DEWEY
Número de clasificación 708
Número de ítem AM524a
100 ## - ENTRADA PRINCIPAL--NOMBRE DE PERSONA
Nombre de persona Ades, Dawn et all.
9 (RLIN) 6883
245 ## - MENCIÓN DEL TÍTULO
Título Carlos Amorales. Axiomas para la acción.
300 ## - DESCRIPCIÓN FÍSICA
Extensión 199 p.
Otras características físicas ill (col).
Dimensiones 22 x 16.5 cm.
505 ## - NOTA DE CONTENIDO CON FORMATO
Título Esta muestra es una máscara: Axiomas para la acción (1996-2018)
Mención de responsabilidad Amorales, Carlos y Medina, Cuauhtémoc
Título Axiomas para la acción (1996-2016)
Mención de responsabilidad Amorales, Carlos
Título Lista de obras
Mención de responsabilidad Amorales, Carlos
Título Black Cloud (Aftermath)
Mención de responsabilidad Amorales, Carlos
Título Una máscara toca la flauta
Mención de responsabilidad Amorales, Carlos
Título La materia del lenguaje vista desde tres de muchas casas
Mención de responsabilidad Barnas, María
Título Carlos Amorales desde una perspectiva dadaísta
Mención de responsabilidad Ades, Dawn
Título Proliferación Amorales
Mención de responsabilidad Medina, Cuauhtémoc
Título Semblanza
-- Créditos
650 ## - PUNTO DE ACCESO ADICIONAL DE MATERIA--TÉRMINO DE MATERIA
Fuente del encabezamiento o término Arte contemporáneo
Subdivisión de forma Arte - exhibiciones
-- Arte - performance
Subdivisión geográfica Arte - México
-- Arte - MUAC
9 (RLIN) 6884
Holdings
Estatus retirado Estado de pérdida Fuente del sistema de clasificación o colocación Estado de daño No para préstamo Biblioteca de origen Biblioteca actual Ubicación en estantería Fecha de adquisición Total de préstamos Signatura topográfica completa Código de barras Visto por última vez Precio de reemplazo Tipo de ítem Koha
    Clasificación Decimal Dewey     Biblioteca LadoV Biblioteca LadoV   09/02/2019   708 AM524a 004668 09/02/2019 09/02/2019 Material 01